| 000 | 00898nam a2200229 a 4500 | ||
|---|---|---|---|
| 001 | 71479 | ||
| 003 | BD-RjUL | ||
| 005 | 20211209082123.0 | ||
| 008 | 170504s1965 bg ||||| |||| 00| 0dben d | ||
| 020 | _c: Tk. 5.00 | ||
| 035 | _a(BD-RjUL)71695 | ||
| 040 |
_aBD-RjUL _bben _cBD-RjUL |
||
| 041 | _aben | ||
| 082 |
_223 _a954.9042092 _bMAM 1965 |
||
| 100 | 1 |
_aমান্নান, হাকীম আবদুল _9211468 |
|
| 245 | 1 | 0 |
_aমাদারে মিল্লাত / _cহাকীম আবদুল মান্নান |
| 260 |
_aঢাকা : _bলতীফ বুক করপোরেশন, _c১৯৬৫ |
||
| 300 |
_a১৩৪ পৃ. ; _c২১ সেমি. |
||
| 600 |
_aজিন্নাহ, মোহাম্মদ আলী _d১৮৭৬-১৯৪৮ _xজীবনী _9211469 |
||
| 600 |
_aJinnah, Mohammad Ali _d1876-1948 _xBiography _9211470 |
||
| 942 |
_2ddc _cBK |
||
| 999 |
_c71479 _d71479 |
||